Central Library OPAC University of Rajshahi

Families of a new world : (Record no. 57735)

MARC details
000 -LEADER
fixed length control field 01142nam a2200301 a 4500
001 - CONTROL NUMBER
control field 57735
003 - CONTROL NUMBER IDENTIFIER
rucl marc code BD-RjUL
005 - DATE AND TIME OF LATEST TRANSACTION
control field 20211209080539.0
008 - FIXED-LENGTH DATA ELEMENTS--GENERAL INFORMATION
fixed length control field 161211s2003 enk b 001 0 eng
020 ## - INTERNATIONAL STANDARD BOOK NUMBER
International Standard Book Number 041593446X (hardback)
International Standard Book Number 0415934478 (pbk.)
035 ## - SYSTEM CONTROL NUMBER
System control number (BD-RjUL)57859
040 ## - CATALOGING SOURCE
Original cataloging agency DLC
Transcribing agency DLC
Modifying agency BD-RjUL
Language of cataloging eng
041 ## - LANGUAGE CODE
Language code of text/sound track or separate title eng
082 00 - DEWEY DECIMAL CLASSIFICATION NUMBER
Classification number 306.8509
Edition number 23
Author mark and year FAM 2003
245 10 - TITLE STATEMENT
Title Families of a new world :
Remainder of title gender, politics, and state development in a global context /
Statement of responsibility, etc. edited by Lynne Haney, and Lisa Pollard.
260 ## - PUBLICATION, DISTRIBUTION, ETC. (IMPRINT)
Place of publication, distribution, etc. London :
Name of publisher, distributor, etc. Routledge,
Date of publication, distribution, etc. c2003.
300 ## - PHYSICAL DESCRIPTION
Pagination viii, 300 p. :
Illustrations ill., ;
Size 24 cm.
504 ## - BIBLIOGRAPHY, ETC. NOTE
Bibliography, etc Includes bibliographical references and index.
650 #0 - SUBJECT ADDED ENTRY--TOPICAL TERM
Topical term or geographic name as entry element Families
General subdivision History.
9 (RLIN) 171462
Topical term or geographic name as entry element Family policy
Form subdivision Cross-cultural studies.
9 (RLIN) 171464
700 1# - ADDED ENTRY--PERSONAL NAME
Personal name Haney, Lynne A.
Fuller form of name (Lynne Allison),
Dates associated with a name 1967-
Personal name Pollard, Lisa.
856 41 - ELECTRONIC LOCATION AND ACCESS
Materials specified Table of contents only
Uniform Resource Identifier <a href="http://www.loc.gov/catdir/toc/fy037/2002014651.html">http://www.loc.gov/catdir/toc/fy037/2002014651.html</a>
Materials specified Publisher description
Uniform Resource Identifier <a href="http://www.loc.gov/catdir/enhancements/fy0651/2002014651-d.html">http://www.loc.gov/catdir/enhancements/fy0651/2002014651-d.html</a>
942 ## - ADDED ENTRY ELEMENTS (KOHA)
Source of classification or shelving scheme Dewey Decimal Classification
Koha item type Books
Holdings
Lost status Source of classification or shelving scheme Damaged status Not for loan Collection code Permanent Location Current Location Shelving location Date acquired Source of acquisition Cost, normal purchase price Total Checkouts Full call number Date last seen Copy number Koha item type
  Dewey Decimal Classification   Not For Loan Non-fiction Central Library, University of Rajshahi Central Library, University of Rajshahi Reading Room 13/04/2006 Dhaka paragon enterprises ltd. 13.95   306.8509 FAM 2003 11/12/2016 C-1 Books